01001cam a2200253 i 4500001000300000003000900003005001700012008003900029015001700068020001500085040003500100080001900135245021800154260003600372300003500408490004200443504002600485650000900511700002900520700003800549710003400587830004100621856008500662bgKOSZ 00520191008114848.0970904s1989 pl a f |000 0 pol aPB 1990/2998 a832160689X aWA NcKOSZ 005/HRdKOSZ 005/HR a669.1.017/.01800aCharakterystyki stali.nT. 1, cz. 2,pStale wysokostopowe /cInstytut Metalurgii Żelaza im. St. Staszica w Gliwicach ; Stanisław Czyżowicz [et al.] ; kom. red.-wyd. Aleksander Maślanka (przewodn.) [et al.]. aKatowice :b"Śląsk",c1989. a459, [1] s. :bwykr. ;c25 cm. aStale odporne na korozję.vSeria E. aBibliogr. przy rozdz. 4aStal1 aCzyżowicz, Stanisław.1 aMaślanka, Aleksander.eRedakcja2 aWydawnictwo "Śląsk"4pbl. 0aStale odporne na korozję.pSeria E uhttp://kohabib.tu.koszalin.pl/cgi-bin/koha/catalogue/detail.pl?biblionumber=5009